000
00302nam a2200121Ia 4500
008
231120s2020 xx 000 0 und d
041
_a
eng
082
_a
743.696
100
_a
EVA DUTTON
245
_a
HOW TO DRAW HORSES IN SIMPLE STEPS
260
_a
SEARCH PRESS
_b
SEARCH PRESS
_c
2020
300
_a
P-32
999
_c
933338
_d
933338